000 00376nam a2200145Ia 4500
008 231207s9999 xx 000 0 und d
041 _aeng
082 _a658.40/GOR
100 _aGordon Davis
245 _aManagement Information Systems
250 _a2nd Edition 2000
260 _bTata mc graw hill New Delhi
300 _aPB/693
650 _aComnputer Program Language
999 _c944511
_d944511